The frontline years : (Record no. 39823)

MARC details
000 -LEADER
fixed length control field 00701nam a22002057a 4500
005 - DATE AND TIME OF LATEST TRANSACTION
control field 20100806144535.0
010 ## - LCCN (DPL NO)
LC control number ENG-98486
020 ## - INTERNATIONAL STANDARD BOOK NUMBER
International Standard Book Number 9788187496939
Terms of availability 250.00
035 ## - SYSTEM CONTROL NUMBER
System control number EN-82019
037 ## - SOURCE OF ACQUISITION
Source of stock number/acquisition DBAD/PUB
082 ## - DEWEY DECIMAL CLASSIFICATION NUMBER
Classification number 921
100 ## - MAIN ENTRY--PERSONAL NAME
Personal name Namboodiripad, E.M.S.
245 ## - TITLE STATEMENT
Title The frontline years :
Statement of responsibility, etc by E.M.S.Namboodiripad
Remainder of title selected articles /
260 ## - PUBLICATION, DISTRIBUTION, ETC. (IMPRINT)
Place of publication, distribution, etc New Delhi
Name of publisher, distributor, etc Leftword Books
Date of publication, distribution, etc 2010
270 ## - ADDRESS
Address 12 Rajendra Prasad Road
City New Delhi
Postal code 110001
300 ## - PHYSICAL DESCRIPTION
Extent 236p.
Dimensions 22cm (pbk)
650 ## - SUBJECT ADDED ENTRY--TOPICAL TERM
Topical term or geographic name as entry element Socialism
General subdivision History
Chronological subdivision 20th century
Geographic subdivision India
942 ## - ADDED ENTRY ELEMENTS (KOHA)
Source of classification or shelving scheme Dewey Decimal Classification
Item type English Books
Classification part 921
Call number suffix NAM
Holdings
Withdrawn status Lost status Not for loan Collection code Home library Current library Date acquired Cost, normal purchase price Full call number Barcode Copy number Cost, replacement price Koha item type
    Not For Loan Non-fiction D.B.Act.Division D.B.Act.Division 06/08/2010 250.00 921 NAM EN-82019 1 250.00 English Books

© Delhi Public Library
Hit Counter
free hit counter